5HLuxD.jpg

KING HENRY VIII SENIOR AND PRIMARY SCHOOL LIBRARY OPAC

Beatrice and Vanessa / (Record no. 3977)

000 -LEADER
fixed length control field 00523nam a22001937a 4500
005 - DATE AND TIME OF LATEST TRANSACTION
control field 20241127134530.0
008 - FIXED-LENGTH DATA ELEMENTS--GENERAL INFORMATION
fixed length control field 241127b ||||| |||| 00| 0 eng d
020 ## - INTERNATIONAL STANDARD BOOK NUMBER
International Standard Book Number 9781783442386
040 ## - CATALOGING SOURCE
Transcribing agency KH8
082 ## - DEWEY DECIMAL CLASSIFICATION NUMBER
Classification number 823.914 YEO
100 ## - MAIN ENTRY--PERSONAL NAME
Personal name Yeoman, John
Relator term author
245 ## - TITLE STATEMENT
Title Beatrice and Vanessa /
Statement of responsibility, etc. John Yeoman
260 ## - PUBLICATION, DISTRIBUTION, ETC.
Name of publisher, distributor, etc. Publisher Andersen Press
300 ## - PHYSICAL DESCRIPTION
Extent 32P
Other physical details 21.5cm x 1.3cm x 28.0cm
650 ## - SUBJECT ADDED ENTRY--TOPICAL TERM
Topical term or geographic name entry element Literature
650 ## - SUBJECT ADDED ENTRY--TOPICAL TERM
Topical term or geographic name entry element English fiction
700 ## - ADDED ENTRY--PERSONAL NAME
Personal name Blake, Quentin
Relator term Illustrator
942 ## - ADDED ENTRY ELEMENTS (KOHA)
Source of classification or shelving scheme
Koha item type Books - Fiction
Holdings
Withdrawn status Lost status Source of classification or shelving scheme Damaged status Not for loan Collection code Permanent Location Current Location Shelving location Date acquired Total Checkouts Full call number Barcode Date last seen Date last checked out Price effective from Koha item type
          Fiction KH8 Primary School Library KH8 Primary School Library Fiction 2024-11-27 5 823.914 YEO KHPL000004676 2025-12-05 2025-11-12 2024-11-27 Books - Fiction

Powered By KH8 IT Dept